000 01018cam a2200253 4500
001 ABS61562
008 000000n1999 000 0 eng u
035 _a(Sirsi) u101692
100 _ade Ferrars Green, C.
245 _aCommons pursuit
260 _c1999
490 _aEstates Gazette
_v(9944) 6 November 1999, 139(1)
520 _aLooks at the implications of the case "R v Oxfordshire County Council, ex parte Sunningwell Parish Council" where residential development on an area of glebe land was prevented by the land being registered as a village green under the Commons Registration Act 1965 s22(1)(c), due to its use for recreational purposes for longer than 20 years.
590 _aABS
650 _aCOMMONS REGISTRATION ACT 1965
650 _aVILLAGE GREENS
650 _aRECREATIONAL USE
650 _aR V OXFORDSHIRE CC AND ANOTHER EX P SUNNINGWELL PARISH COUNCIL
650 _aCOMMON LAND
650 _aGLEBE LAND
650 _aRESIDENTIAL DEVELOPMENT
690 _aLAND
942 _n0
999 _c60817
_d60817